[Event "Contrecoeur-D"]
[Site "Contrecoeur"]
[Date "2018.11.03"]
[Round "2.2"]
[White "Desjardins, Raymond"]
[Black "Cormier, Roger"]
[Result "0-1"]
[WhiteElo "1078"]
[BlackElo "1010"]
[PlyCount "20"]
[EventDate "2018.11.02"]
[EventType "swiss"]
[EventRounds "5"]
[EventCountry "CAN"]
[SourceTitle "EXT 2022"]
[Source "ChessBase"]
[SourceDate "2021.10.06"]
[SourceVersion "1"]
[SourceVersionDate "2021.10.06"]
[SourceQuality "1"]

1. d4 d5 2. c4 Nf6 3. Nc3 e5 4. dxe5 Ng4 5. f4 d4 6. Nb5 c5 7. Qa4 Nc6 8. h3 Ne3 9. Bxe3 dxe3 10. Rd1 Qh4+ 0-1